| 000 | 00757cab a2200229 4500 | ||
|---|---|---|---|
| 001 | WB2606-47 | ||
| 008 | 090401t1990 xxu||||| |||| 00| 0 eng d | ||
| 035 | _a(Sirsi) u70956 | ||
| 041 | _aeng | ||
| 245 | _aAgricultural buildings | ||
| 260 | _c1990 | ||
| 350 | _a0 | ||
| 490 |
_aEGCS _v(1990) 10 |
||
| 520 | _aIn Farmer (VO) v Hambleton DC and another LT 24 November 1989 it was held that buildings "occupied together with" and "used solely in connection with the operations" were farm buildings for the purpose of rating. | ||
| 650 | _aAGRICULTURAL EXEMPTION | ||
| 650 | _aFARMER (VO) V HAMBLETON DC AND ANOTHER | ||
| 650 | _aPOULTRY FARMS | ||
| 650 | _aRATING APPEALS | ||
| 690 | _aRATING AND VALUATION | ||
| 942 | _n0 | ||
| 948 | _c04/03/1997 | ||
| 999 |
_c44704 _d44704 |
||